The Maritime Postal History Of London (Record no. 662)

000 -LEADER
fixed length control field 00300nam a22001217a 4500
003 - CONTROL NUMBER IDENTIFIER
control field OSt
008 - FIXED-LENGTH DATA ELEMENTS--GENERAL INFORMATION
fixed length control field 150215b xxu||||| |||| 00| 0 eng d
041 ## - LANGUAGE CODE
Language code of text/sound track or separate title eng
100 1# - MAIN ENTRY--PERSONAL NAME
Personal name Robertson,Alan W.
245 10 - TITLE STATEMENT
Title The Maritime Postal History Of London
260 ## - PUBLICATION, DISTRIBUTION, ETC. (IMPRINT)
Place of publication, distribution, etc. London
Name of publisher, distributor, etc. Robson Lowe, Ltd.
Date of publication, distribution, etc. 1960
300 ## - PHYSICAL DESCRIPTION
Extent 0 pages
Holdings
Withdrawn status Lost status Source of classification or shelving scheme Damaged status Not for loan Permanent Location Current Location Date acquired Total Checkouts Full call number Barcode Date last seen Copy number Price effective from Koha item type
          Northern Philatelic Library Northern Philatelic Library 02/15/2015   G5741 M342 R6491 1001018 06/28/2015 1 06/28/2015 Books

Powered by Koha